The Future image of Sophia University : Looking toward the 21st century
This book introduce about tradition of christan humanism, the edeal of interdisciplinary studies and education.
Uloženo v:
| Médium: | Kniha |
|---|---|
| Jazyk: | Undetermined |
| Vydáno: |
Tokyo
Sophia University
1989
|
| Témata: | |
| Tagy: |
Přidat tag
Žádné tagy, Buďte první, kdo otaguje tento záznam!
|
| Thư viện lưu trữ: | Trung tâm Học liệu Trường Đại học Cần Thơ |
|---|
| LEADER | 00766nam a2200217Ia 4500 | ||
|---|---|---|---|
| 001 | CTU_227680 | ||
| 008 | 210402s9999 xx 000 0 und d | ||
| 082 | |a 378.52 | ||
| 082 | |b F996 | ||
| 245 | 4 | |a The Future image of Sophia University : | |
| 245 | 0 | |b Looking toward the 21st century | |
| 245 | 0 | |c Edited by Mutsuo Yanase | |
| 260 | |a Tokyo | ||
| 260 | |b Sophia University | ||
| 260 | |c 1989 | ||
| 520 | |a This book introduce about tradition of christan humanism, the edeal of interdisciplinary studies and education. | ||
| 650 | |a Giáo dục đại học,Education, Higher | ||
| 650 | |x Mục đích và mục tiêu,Aims and objectives | ||
| 650 | |z Nhật Bản,Japan | ||
| 910 | |b dqhieu | ||
| 980 | |a Trung tâm Học liệu Trường Đại học Cần Thơ | ||